| 000 | 00406nam a22001577a 4500 | ||
|---|---|---|---|
| 020 | _a9789380235042 | ||
| 082 |
_a631.56 _bGUL/QU |
||
| 100 | _aGuleria, S.P.S | ||
| 245 | _aQuestion bank in postharvest technology | ||
| 260 |
_aNew Delhi _bNew India Publishing Agency _c2010 |
||
| 300 | _avi + 256 p | ||
| 700 | _aVerma, Anil Kumar | ||
| 700 | _aKumar, Dharminder | ||
| 700 | _aGupta, Anil | ||
| 942 | _cBK | ||
| 999 |
_c13753 _d13753 |
||